00729nam a22001937a 450000500170000001000150001702000260003203500140005803700090007208200190008110000270010024500680012726000310019527000820022630000200030894200300032899900190035895201580037720241206153908.0 aENG-142874 a9789394883291c595.00 aEN-126406 bDBAD a658.408095421 aBharti, Shuchi 974808 aCorporate Social Responsibility in India /h cby Shuchi Bharti aNew DelhibAne Booksc2023 a4821, Parwana Bhawan, 1st Floor, 24 Ansari Road, DaryaganjbNew Delhie110002 a185p.c22cm(Hb) 2ddccENmBHAh658.4080954 c207476d207476 001040708NFICaRKPbRKPd2024-12-06eDelivery of Books Divisiong595.00l0oBHA 658.4080954pEN-126406r2024-12-06 00:00:00t1v595.00w2024-12-06yEN